Cold War Presidents Quiz Stats

 Plays Quiz not verified by Sporcle

Challenge
Share
Tweet
Embed
Score 0/9 Timer 10:00
0 Plays Today
Took office in: President % Correct
1945Harry S. Truman
96.8%
1960John F. Kennedy
96.3%
1968Richard M. Nixon
96.1%
1980Ronald Reagan
95.2%
1988George H. W. Bush
95.2%
1952Dwight D. Eisenhower
93.4%
1963Lyndon B. Johnson
90.6%
1976Jimmy Carter
89.7%
1974Gerald R. Ford
86%

You're not logged in!

Compare scores with friends on all Sporcle quizzes.
OR
Log In

You Might Also Like...

Show Comments

Extras

Top Quizzes Today


Score Distribution

Your Account Isn't Verified!

In order to create a playlist on Sporcle, you need to verify the email address you used during registration. Go to your Sporcle Settings to finish the process.

Report this User

Report this user for behavior that violates our Community Guidelines.

Details: